|
|
|
|
| LEADER |
00000nam1a2200000 4500 |
| 001 |
218635 |
| 005 |
20231101230217.0 |
| 020 |
|
|
|a RU
|b 90-14945
|
| 035 |
|
|
|a (RuTPU)RU\TPU\book\238665
|
| 090 |
|
|
|a 218635
|
| 100 |
|
|
|a 20120623d1990 m y0rusy5003 ca
|
| 101 |
0 |
|
|a rus
|
| 200 |
1 |
|
|a Задачи управления и некоторые вопросы негладкой оптимизации
|e сборник научных трудов
|f АН СССР., Уральское отделение ; под ред. Л. Т. Буслаевой ; В. П. Дятлова
|
| 210 |
|
|
|a Свердловск
|c УрО АН СССР
|d 1990
|
| 215 |
|
|
|a 101 с.
|c ил.
|
| 320 |
|
|
|a Библиогр. в конце ст.
|
| 606 |
1 |
|
|a Автоматическое управление
|2 stltpush
|3 (RuTPU)RU\TPU\subj\943
|9 29748
|
| 610 |
1 |
|
|a оптимизация
|
| 610 |
1 |
|
|a нелинейные системы
|
| 610 |
1 |
|
|a негладкая выпуклая оптимизация
|
| 610 |
1 |
|
|a задачи управления
|
| 610 |
1 |
|
|a интеграл Дарбу
|
| 610 |
1 |
|
|a функционалы
|
| 610 |
1 |
|
|a аппроксимация
|
| 610 |
1 |
|
|a программирование
|
| 610 |
1 |
|
|a моделирование
|
| 675 |
|
|
|a 681.51
|v 3
|
| 702 |
|
1 |
|a Буслаева
|b Л. Т.
|4 340
|
| 702 |
|
1 |
|a Дятлов
|b В. П.
|4 340
|
| 712 |
0 |
2 |
|a АН СССР.
|b Уральское отделение
|
| 801 |
|
0 |
|a RU
|b RuMRKP
|c 19950417
|g psbo
|
| 801 |
|
1 |
|a RU
|b 63413507
|c 20120623
|
| 801 |
|
2 |
|a RU
|b 63413507
|c 20121126
|g RCR
|
| 942 |
|
|
|c BK
|